000 00556ngm a2200205 i 4500
001 C2-0320059
003 PPAK
005 20180727221444.0
008 121206s2012 my |||| ||||| | vlhin d
040 _aPPAK
_beng
_cPPAK
_erda
245 1 0 _aFashion
264 1 _aKuala Lumpur :
_bBenodon Movies AV Distributor ,
_c2012
336 _2rdacontent
_atext
337 _2rdamedia
_aunmediated
338 _2rdacarrier
_avolume
700 _eauthor
700 0 _aMadhur Bhandarkar,
_ecompile
700 0 _aDevendra Murdeshwar,
_eeditor
942 _2ddc
_cDVD
999 _c167145
_d167145